000 01805cam a22003371i 4500
003 SA-RiAUC
005 20241008081138.0
008 241007s2009 le a g b 000r0 ara c
040 _aSA-RiIMS
_bara
_cSA-RiAUC
_erda
050 4 _b.S29 2009
082 0 4 _a234.65
090 _a234.65
_bص ي د
100 1 _aالصيداوي، عبد الرحمن بن إبراهيم،
_dتوفي بعد 974 هجري
_eمؤلف.
245 1 0 _aمشيخة الصيداوي /
_cزين الدين أبي اللطف عبد الرحمن بن إبراهيم الشافعي ؛ تخريج جمال الدين يوسف إبراهيم بن أحمد الصالحي ؛ تحقيق يوسف المرعشلي.
250 _aالطبعة الأولى.
264 1 _aبيروت :
_bشركة دار البشائر الإسلامية للطباعة والنشر والتوزيع،
_c2009
300 _a848 صفحة :
_bإيضاحيات ؛
_c24 سم.
336 _aنص
_btxt
_2rdacontent
_3كتاب
337 _aبدون وسيط
_bn
_2rdamedia
338 _aمجلد
_bnc
_2rdacarrier
490 1 _aالأثبات والمشيخات والإجازات والمسلسلات ؛
_v10
500 _aيشتمل علي كشافات.
504 _aببليوجرافية : صفحة 837-846.
650 7 _aالحديث
_xإسناد
_2aucsh
650 7 _aالحديث
_xرواية
_2aucsh
700 1 _aابن الجاموس، يوسف إبراهيم بن أحمد الصالحي،
_dتوفي بعد 1012 هجري
_eمخرج أحاديث.
700 1 _aالمرعشلي، يوسف عبد الرحمن،
_d1952-
_eمحقق.
830 2 _aالأثبات والمشيخات والإجازات والمسلسلات (دار البشائر الإسلامية)
_v10
942 _2ddc
_cBOOK
_n0
949 _aSA-JeALM
_d241007
_umohamedma123
_n1
999 _c1008
_d1008